000 00550nam a2200193Ia 4500
008 191130s2010##################000#0#eng##
020 _a9780521349925
040 _aACL
_cACL
082 _a320.15 FRA
245 _aBodin on Sovereignty
_cedited by Julian H Franklin
260 _aCambridge
_bCambridge University Press
_c2010
300 _axlv, 141 p. ; 23 cm.
500 _aIncludes Index
650 _aPolitical science
700 _aFranklin, Julian H
990 _a86e35c6fac10000c4ca0a942810047f7
991 _a198534
999 _c118122
_d118122